4212-佐賀市(佐賀県)の駅 - Statistics

General Stats
  • This quiz has been taken 15 times
  • The average score is 4 of 5
Answer Stats
Answer % Correct
佐賀
100%
バルーンさが
80%
鍋島
67%
久保田
67%
伊賀屋
60%
No matching quizzes found
Score Distribution
Percent of People with Each Score
Percentile by Number Answered
Your Score History
You have not taken this quiz